• 首页
  • 本馆介绍
  • 公告通知
  • 最新文献
  • 馆藏检索
  • 电子资源
  • 读者导购
  • 参考咨询
  • 我的图书馆
  • 登录
  • 详细信息显示
  • 放入我的书架
  • 预约/预借图书
  • 作者相关作品
  • 分类相关作品
  • 丛书相关作品
  • 出版社相关作品

书目信息

  • 表格格式
  • 工作单格式
  • 卡片格式
题名:
金相试剂手册
    
 
作者: 柯瓦连科 著 ;李春志 译
分册:  
出版信息: 北京   冶金工业出版社  1973
页数: 124页
开本: 19cm
丛书名:
单 册:
中图分类: TQ42-62
科图分类:
主题词: 化学试剂--生产 , 高纯物质--生产
电子资源:
ISBN:
000 00632nam0 2200229 45
001 0405181033
005 20040518102625.1
010    @dCNY0.36
091    @a15062.3058
100    @a20040518d1973 km y0chiy0120 ea
101 0  @achi
105    @a z 000yy
200 1  @a金相试剂手册@AJin Xiang Shi Ji Shou Ce@f柯瓦连科著@FKe Wa Lian Ke Zhu@g李春志等译
210    @a北京@c冶金工业出版社@d1973
215    @a124页@d19cm
606 0  @a化学试剂@x生产
606 0  @a高纯物质@x生产
690    @aTQ42-62@v3
701  0 @a柯瓦连科@4著
702  0 @a李春志@ALi Chun Zhi@4译
801    @aCN@bTSTCL@c20040518
905    @f1@b17604@dTQ42-62@e3
    
    金相试剂手册/柯瓦连科著/李春志等译.-北京:冶金工业出版社,1973
    124页;19cm
    
    
    ISBN :CNY0.36
    
●
相关链接 在E读中查询图书 在五车中查询图书 在当当中查询图书 在豆瓣中查询图书


正题名:金相试剂手册     索取号:TQ42-62/3         预约/预借

序号 登录号 条形码 馆藏地/架位号 状态 备注
1 0017603   001647766   第二样本阅览室/ [索取号:TQ42-62/3] 在馆    
2 0017604   001647837   第三借阅区/ [索取号:TQ42-62/3] 在馆    
唐山师范学院图书馆 欢迎您!
大连网信软件有限公司© 版权所有